Statistics for Spot the Imposter - U.S. Federal Holidays

Click here to take the quiz!

General Stats

  • This quiz has been taken 357 times
    (158 since last reset)
  • The average score is 10 of 11

Answer Stats

QuestionAnswer% Correct
Which is not an officially-recognized U.S. Federal holiday?Boxing Day
99%
Which is not an officially-recognized U.S. Federal holiday?Flag Day
98%
Which is not an officially-recognized U.S. Federal holiday?September 11th
97%
Which is not an officially-recognized U.S. Federal holiday?Mother's Day
96%
Which is not an officially-recognized U.S. Federal holiday?May Day
95%
Which is not an officially-recognized U.S. Federal holiday?Patriots' Day
94%
Which is not an officially-recognized U.S. Federal holiday?Indigenous Peoples Day
89%
Which is not an officially-recognized U.S. Federal holiday?Election Day
85%
Which is not an officially-recognized U.S. Federal holiday?New Year's Eve
84%
Which is not an officially-recognized U.S. Federal holiday?Constitution Day
79%
Which is not an officially-recognized U.S. Federal holiday?Easter
69%

Score Distribution

Percentile by Number Answered

Percent of People with Each Score

Your Score History

You have not taken this quiz since the last reset